Países com apenas duas cores na bandeira - Statistics

Estatísticas Gerais
  • Esse quiz foi jogado 348 vezes
    117 desde o último reset
  • A pontuação média é 21 de 37
Estatísticas das Respostas
Cores País % Correto
Vermelho e Branco Japão
90%
Vermelho e Branco Polônia
87%
Amarelo e Vermelho China
85%
Vermelho e Branco Canadá
78%
Vermelho e Branco Indonésia
78%
Vermelho e Branco Mônaco
77%
Azul Marinho e Amarelo Suécia
71%
Azul Claro e Branco Finlândia
68%
Azul Claro e Amarelo Ucrânia
68%
Vermelho e Branco Dinamarca
65%
Amarelo e Vermelho Vietnã
63%
Vermelho e Branco Peru
62%
Vermelho e Branco Áustria
60%
Vermelho e Branco Turquia
60%
Verde Escuro e Branco Paquistão
59%
Amarelo e Azul Claro Palau
57%
Verde escuro e Vermelho Bangladesh
56%
Branco e Vinho (Ou Branco e Marrom) Catar
56%
Vermelho e Branco Suíça
56%
Verde escuro e Branco Arábia Saudita
55%
Verde Escuro e Vermelho Marrocos
55%
Vermelho e Preto Albânia
54%
Branco e Azul Escuro Grécia
52%
Vermelho e Branco Tunísia
51%
Azul Claro e Amarelo Cazaquistão
47%
Verde Escuro e Branco Nigéria
46%
Vermelho e Branco Singapura
46%
Azul Escuro e Branco Honduras
44%
Branco e Vinho (Ou Branco e Marrom) Letônia
43%
Azul Claro e Branco Somália
42%
Azul Escuro e Branco Israel
41%
Vermelho e Branco Tonga
38%
Vermelho e Branco Bahrain
37%
Azul Claro e Branco Estados Federados da Micronésia
32%
Vermelho e Branco Geórgia
32%
Amarelo e Vermeho Macedônia do Norte
27%
Amarelo e Vermelho Quirguistão
25%
Nenhum quiz correspondente encontrado
Distribuição das Pontuações
Porcentagem de Pessoas com Cada Pontuação
Percentil de Números Respondidos
Sua Pontuação Histórica
Você não jogou esse quiz desde o último reset